000 00475nam a2200181Ia 4500
003 GCL
008 140319s9999 xx 000 0 eng d
040 _aGCL /
_cGCL
082 0 4 _a709.017
_bC H
100 1 _aCHATELET, ALBERT
245 1 0 _aHISTOIRE DE LART:NAINANCE DE LART /
_cCHATELET, ALBERT
260 _a[S.N] :
_bPEFERENAS LAROUSE ،
_c1992
300 _a289P
650 0 4 _aFURNITURE ART
650 0 4 _aHISTORY OF ART
650 0 4 _aART - HISTORY
942 _2ddc
_cBK
999 _c10895
_d10895